000 00435nam a2200181Ia 4500
001 30805
003 IN-NITTTR
005 20251114233415.0
008 251113s9999||||xx |||||||||||||| ||eng||
040 _beng
040 _cIN-NITTTR
041 _aeng
082 _a006.6869 D33A
100 _aDayley, Lisa DaNae
245 0 _aPhotoshop CC bible /
_cDayley, Lisa DaNae, Dayley, Brad
700 _a Dayley, Brad
942 _2ddc
_cBK
999 _c33435
_d33435